00738nam a2200253 a 4500001001300000003000900013005001700022008004100039020001000080082001800090100002500108245002800133260004000161300000900201500003500210505001000245650002500255650003000280700002500310902000800335942000700343952011900350999001500469nice12345678IN_TiNIC20260116012335.0050524s1957 paka grp 000 0 urd  ac10000a891.4394bHAA aHaali, Altaf Hussain aMaqalat-E-Haali, Part 1 aPakistanbAnjuman Taraqi Urduc1957 a310p aincludes index and biblioraphy2 aIndex aUrdu-Literature-hali aHali-Altaf Hussain-Essays1 aHaali, Altaf Hussain bSRS cBK 001040708StackRoom-aHMIbHMId2007-06-01g100.00l0o891.4394 HAAp013155r2007-06-01v100.00w2005-05-24yBK c6633d6633